000 00284nam a2200109Ia 4500
008 200302s9999 xx 000 0 und d
100 _aHenri Stierlin
245 _aHindu India From Khajuraho to the Temple City of Madurai
260 _bTaschen Gmbh
260 _c2002
300 _a237 P.,
999 _c2418
_d2418